Quizzes
Events
Quiz Creation
Community
Videos
Private Events
Remove Ads
Sign In
Join for FREE
Feedback
Dark Mode
Quiz Categories
Sports
Geography
Music
Movies
Television
Just For Fun
Miscellaneous
History
Literature
Language
Science
Gaming
Entertainment
Religion
Holiday
For Kids
Quiz Lab
Recent
Popular Today
Quiz Kudos Today
Editor Picks
Curator Picks
Quizzes by...
Day
Popularity
Type
Ratings
Length
Year
Community
Subscriptions
Recent Discussions
Orange Saloon
Badges
Playlists
Quests
Create
Leaderboards
Showdown
Live 5
Trivia Bingo
Activity
Puzzle Library
Sporcle Events
Private Events
Virtual Trivia
Globe League
Become a Host
Pub Owners
SporcleCon
Opinionation
Our Games
Videos
Blog
Mobile Apps
Partnerships
Remove Ads and Go Orange
Feedback
Geography
Country
Landmarks
City
State
Population
World
Capital
Continent
Flags
Europe
Africa
Asia
South America
North America
Oceania
Border
Canada
United Kingdom
Topography
United States
Geography
Country
Landmarks
City
State
Population
World
Capital
Continent
Flags
Europe
Africa
Asia
South America
North America
Oceania
Border
Canada
United Kingdom
Topography
United States
Random Quiz
Search Sporcle
×
Quiz Lab
Quiz Lab
Geography
Country
Type in answers that appear in a list
Type in answers that appear in a list
Classic
Best Score? Go Orange.
Country By Largest Metro Area Stats
Can you name the Country By Largest Metro Area?
By
garth131
10m
42 Questions
380 Plays
380 Plays
380 Plays
Comments
Comments
Give Quiz Kudos
Give Quiz Kudos
-
- Ratings
hide this ad
More Info
Forced Order
Answers have to be entered in order
Answers have to be entered in order
Replay
Link that replays current quiz
Next Quiz
Link to next quiz in quiz playlist
You Got
0%
They Got
Avg Score
62%
Avg Friend Score
Upgrade to see
Score Distribution
Jump to the score distribution portion of the page
Score
0/42
Timer
10:00
0
Plays Today
Continent
Country
% Correct
Asia
Japan
99.5%
North America
Mexico
99.5%
North America
USA
98.7%
South America
Brazil
98.2%
South America
Argentina
96.8%
Asia
India
96.3%
Asia
China
93.7%
Asia
Indonesia
85.5%
Africa
Egypt
81.3%
Europe
Russia
80.8%
Europe
France
73.9%
Africa
Nigeria
71.1%
South America
Peru
70.5%
Asia
Pakistan
70.3%
Europe
UK
69.7%
South America
Colombia
68.4%
Asia
Bangladesh
67.6%
Europe
Germany
66.6%
Europe
Turkey
65.5%
South America
Chile
63.4%
Asia
South Korea
63.2%
Continent
Country
% Correct
North America
Canada
63.2%
Asia
Iran
60.5%
Asia
Philippines
60.3%
Europe
Spain
59.7%
Australia
Australia
59.7%
Asia
Thailand
54.5%
Europe
Italy
54.5%
South America
Venezuela
49.7%
Africa
DRC
49.5%
Asia
Vietnam
46.8%
Asia
Iraq
46.3%
Asia
Saudi Arabia
44.2%
Africa
South Africa
42.4%
Africa
Sudan
41.8%
Europe
Greece
38.7%
Asia
Singapore
37.1%
Africa
Morocco
34.7%
Africa
Algeria
27.6%
Asia
North Korea
26.8%
Asia
Myanmar
26.1%
Africa
Cote d'Ivoire
25%
Quiz Playlist
Details
Report
Send in Message
Add To Playlist
More Info:
Name the countries in order of their largest metro population. Once a country has been listed it will not be used again for another metro area.
Classic:
Type in answers that appear in a list
Forced Order:
Answers have to be entered in order
Last Updated: Feb 16, 2017
Quiz Scoreboard
CHALLENGE
Sign Up to Join the Scoreboard
Show All
Scores
Hide
Comments
May contain spoilers
Recently Published
Movies - When Are They Set?
by FPL_Elf
Movies
5m
Popular People in 1961
by mucciniale
History
6m
1-10 Letter E Words III
by El_Dandy
Language
2m
More to Explore
Quiz From the Vault
Featured Blog Post
Where Did the Easter Bunny Come From?
hide this ad
You Might Also Like...
Tags
Country Quiz
Population Quiz
area
largest
metro
Today's Top Quizzes in Geography
Browse Geography
hide this ad
Today's Top Quizzes in Country
Browse Country
Top Contributed Quizzes in Geography
1
Countries of the World - No Outlines Minefield
2
Top 25 Cities of France on a map
3
Closest Countries to UK A-Z
4
One Thing in Common: United Kingdom
5
Blind Secret Country CLXXXVIII
6
Blind Ultimate Minefield: USA
7
African Flag Reveal XLV
8
Find the US States - No Outlines
9
One Thing in Common: Asia
10
Find the Provinces of Canada - No Outlines Minefield
Explore More
Trending Topics
Marvel
Anime
Kpop
Crossword
NBA
Harry Potter
Disney
Pokémon
WWE
NFL
Soccer
Song
The Office
Country
Puzzle
hide this ad
More By:
garth131
Quiz
Plays
Rating
Category
Featured
Created
Countries Larger Than Texas
163,641
4.44
Geography
Oct 28, 2009
States Ordered by Largest City
9,197
4.30
Geography
Nov 30, 2009
Distance to D.C.
3,358
4.51
Geography
Oct 18, 2010
States with the Most Cracker Barrels
1,660
3.21
Geography
Apr 27, 2010
States Ordered by Largest Metro Area
1,288
3.00
Geography
Dec 2, 2009
Go to Creator's Profile
Score Distribution
Quiz Creator Spotlight
garth131
Follow
Send a Message
Quizzes Created
-
Created Quiz Play Count
-
More By This Creator
Popular Quizzes Today
1
Find the Countries of Europe - No Outlines Minefield
2
Find the US States - No Outlines Minefield
3
The Countries of the World
4
Popular People in 1961
5
1-10 Letter E Words III
6
US States
7
Find the US States
8
One Thing in Common: World Cities II
More Geography Quizzes
Five Most Populous Asian 'E' Cities
Quiz Lab
Trending Quizzes
Risky Map Clicking: Least Populous States A-Z
1-10 Letter F Words
Humor Books: The Subtitles
1-10 Letter G Words
One Thing in Common: United Kingdom
Recently Updated
Leaping Animals
pecheneg
Reality TV Shows (A-Z)
bhenderson79
Rickey Henderson's Hall of Fame Teammates
pecheneg
Champions League XIs: Arsenal
pecheneg
Quick Pick: Celebrities in WWE's Hall of Fame
aduchscher
A-Z Keypad Blitz II
pecheneg
Multiple Oscar Actors
pecheneg
Mystery Phrase Blitz: Oscar 'Best Actors'
pecheneg
F. Scott Fitzgerald Novels
LTH
Pick 3 Villains
ddd62291
Trending Topics
Disney
Kpop
Crossword
Marvel
NBA
Harry Potter
Anime
The Office
Soccer
NFL
Song
Pokémon
WWE
Country
Puzzle
Your Account Isn't Verified!
In order to create a playlist on Sporcle, you need to verify the email address you used during registration. Go to your
Sporcle Settings
to finish the process.
Report this User
Report this user for behavior that violates our
Community Guidelines
.
Details:
Send Report
Go to the Sporcle.com Mobile Site →
Comments